000 00437nam a2200157Ia 4500
008 240729s9999 xx 000 0 und d
022 _a2312-3222
245 0 _aFrench-Ukrainian Journal of Chemistry
260 _aUkraine
260 _bTaras Shevchenko National University of Kyiv
650 _a Chemistry
650 _aScience
856 _uhttps://doaj.org/toc/a19ff8531f1f454bab7e59c36bfcd79d
942 _2ddc
942 _cDOAJEJ
999 _c66448
_d66448
945 _a1
_bMadushi Gamage
_c1
_dMadushi Gamage